000 00857nam a22001937a 4500
005 20260304102804.0
008 240815b ||||| |||| 00| 0 eng d
082 _aDPer 155.205 J826 April-June 2020 v. 118 n. 4-6
100 _aDing, Yu.
_eauthor.
_960302
245 _aFrom variability to vulnerability :
_bpeople exposed to greater variability judge wrongdoers more harshly /
_cYu Ding and Krishna Savani.
260 _aWashington ;
_bAmerican Psychological Association ,
_cJune 2020.
300 _aVolume 118, pages 1101-1117 :
_billustration ;
_c28 cm.
500 _aJournal of Personality and Social Psychology, vol. 118, no. 6, pages 1101-1117, June 2020.
650 _aAttitude (Psychology).
_960303
650 _aSocial Psychology.
_960304
700 _aDing, Yu.
_eauthor.
_960302
700 _aSavani, Krishna.
_eauthor.
_957822
942 _2ddc
_cPER
999 _c20476
_d20476